000 00517cam a2200205ua 4500
001 2672
005 20260515113540.0
008 110909n ii |||gr||||Z||||||asm
040 _cMAIN
082 _a891.4512
100 _aGogoi, Ganesh Chandra,
_eAuthor.
245 1 1 _aSukunir pratikhud
_cby Ganesh Chandra Gogoi
250 _a4th.
260 _aJorhat:
_bBarkataki company,968.
300 _a73p:
_c23cm.
653 _aAssamese drama
653 _aAssamese grammar
653 _aSukunir pratikhud
942 _cBK
999 _c2521
_d2521